Państwa według ostatniej litery - Statystyki

Ogólne statystyki
  • Ten quiz został rozwiązany 7 187 razy
  • Średni wynik to 10 z 18
Statystyki odpowiedzi
Ostatnia litera # Państwa % Poprawnych
A 101 Albania | Algieria | Andora | Angola | Antigua i Barbuda | Argentyna | Armenia | Australia | Austria | Boliwia | Bośnia i Hercegowina | Botswana | Bułgaria | Kambodża | Kanada | Kolumbia | Kostaryka | Chorwacja | Kuba | Dominika | Gwinea Równikowa | Erytrea | Estonia | Etiopia | Mikronezja | Gambia | Gruzja | Ghana | Grenada | Gwatemala | Gwinea | Gujana | Indonezja | Jamajka | Kenia | Łotwa | Liberia | Libia | Litwa | Malezja | Malta | Mauretania | Mołdawia | Mongolia | Namibia | Nikaragua | Nigeria | Korea Północna | Macedonia Północna | Panama | Papua-Nowa Gwinea | Rumunia | Rosja | Rwanda | Saint Lucia | Samoa | Arabia Saudyjska | Serbia | Słowacja | Słowenia | Somalia | Korea Południowa | Sri Lanka | Syria | Tanzania | Tonga | Tunezja | Uganda | Wenezuela | Zambia | Dania | Republika Zielonego Przylądka | Francja | Republika Środkowoafrykańska | Dominikana | Mjanma | Brazylia | Belgia | Wielka Brytania | Portugalia | Finlandia | Islandia | Irlandia | Nowa Zelandia | Polska | Szwajcaria | Tajlandia | Grecja | Wyspy Świętego Tomasza i Książeca | Ukraina | Japonia | Jordania | Hiszpania | Szwecja | Demokratyczna Republika Konga | Czarnogóra | Wyspy Marshalla | Holandia | Wyspy Salomona | Norwegia | Turcja
100%
N 21 Afganistan | Azerbejdżan | Bahrajn | Benin | Bhutan | Kamerun | Gabon | Iran | Kazachstan | Kirgistan | Liban | Liechtenstein | Oman | Pakistan | Sudan | Tajwan | Tadżykistan | Turkmenistan | Uzbekistan | Jemen | Watykan
84%
E 8 Belize | Chile | Sierra Leone | Zimbabwe | Seszele | Zjednoczone Emiraty Arabskie | Stany Zjednoczone | Indie
82%
Y 11 Niemcy | Węgry | Włochy | Czechy | Sudan Południowy | Bahamy | Komory | Malediwy | Filipiny | Saint Vincent i Grenadyny | Chiny
79%
I 11 Brunei | Burundi | Dżibuti | Eswatini | Fidżi | Kiribati | Haiti | Malawi | Mali | Republika Południowej Afryki | Timor Wschodni
75%
O 9 Burkina Faso | Kosowo | Lesotho | Monako | Maroko | Kongo | San Marino | Togo | Trynidad i Tobago
73%
U 6 Gwinea Bissau | Nauru | Palau | Peru | Tuvalu | Vanuatu
66%
R 7 Ekwador | Salwador | Madagaskar | Niger | Katar | Singapur | Cypr
63%
K 3 Irak | Mozambik | Meksyk
59%
Ś 1 Białoruś
55%
S 5 Barbados | Honduras | Laos | Mauritius | Saint Kitts i Nevis
51%
L 3 Izrael | Nepal | Senegal
49%
D 1 Czad
44%
J 3 Wybrzeże Kości Słoniowej | Paragwaj | Urugwaj
43%
T 2 Egipt | Kuwejt
39%
M 2 Wietnam | Surinam
35%
Z 1 Bangladesz
26%
G 1 Luksemburg
26%
Nie znaleziono quizów pasujących do podanych kryteriów
Rozkład punktacji
Procent ludzi z każdym wynikiem
Percentyl według liczby udzielonych odpowiedzi
Twoja historia wyników
Nie rozwiązałeś tego quizu